Detalles MARC
| 000 -LÍDER |
| Campo fijo de descripción fija |
00966nam a22002777a 4500 |
| 003 - IDENTIFICADOR DEL NÚMERO DE CONTROL |
| Campo de control |
BCEG |
| 005 - FECHA Y HORA DE LA ULTIMA TRANSACCIÓN |
| control field |
20260325121152.0 |
| 008 - ELEMENTOS DE LONGITUD FIJA -- INFORMACIÓN GENERAL |
| Campo fijo de descripción fija -- Información general |
260325s2018 mx|||||| |||| 00| 0 spa d |
| 020 ## - ISBN |
| Isbn |
9786075391960 |
| 040 ## - FUENTE DE CATALOGACIÓN |
| Agencia de catalogación original |
BCEG |
| Idioma de catalogación |
spa |
| Agencia que realiza la transcripción |
BCEG |
| 082 04 - NÚMERO DE CLASIFICACIÓN DECIMAL DEWEY |
| Número de clasificación |
267.972 |
| Clave de autor-Numero de item |
C675i |
| 245 00 - TÍTULO PROPIAMENTE DICHO |
| Título |
Cofradías de indios y negros |
| Otra información sobre el título - Subtitulo |
: origen, evolución y continuidades. |
| 260 ## - PUBLICACIÓN, DISTRIBUCIÓN, ETC. (PIE DE IMPRENTA) |
| Lugar de publicación, distribución, etc. |
México : |
| Nombre del editor, distribuidor, etc. |
Secretaría de Cultura : |
| -- |
Instituto Nacional de Antropología e Historia, |
| Fecha de publicación, distribución, etc. |
2018. |
| 300 ## - DESCRIPCIÓN FÍSICA |
| Extensión |
357 p. |
| Otros detalles físicos |
: fots. |
| 490 ## - MENCIÓN DE SERIE |
| Mención de serie |
Colección Historia. Serie Logos. |
| 504 ## - NOTA DE BIBLIOGRAFÍA, ETC. |
| Nota de bibliografía, etc |
Incluye bibliografía. |
| 541 ## - NOTA DE FUENTE INMEDIATA DE ADQUISICIÓN |
| Nota de fuente de adquisición |
Compra. |
| 650 14 - ASIENTO SECUNDARIO DE MATERIA - TERMINO TEMÁTICO |
| Término temático o nombre geográfico como elemento de entrada |
Cofradías |
| Subdivisión geográfica |
México |
| Subdivisión general |
Historia. |
| 650 14 - ASIENTO SECUNDARIO DE MATERIA - TERMINO TEMÁTICO |
| Término temático o nombre geográfico como elemento de entrada |
Cofradías |
| Subdivisión geográfica |
América Latina |
| Subdivisión general |
Historia. |
| 650 14 - ASIENTO SECUNDARIO DE MATERIA - TERMINO TEMÁTICO |
| Término temático o nombre geográfico como elemento de entrada |
Indios de México |
| Subdivisión general |
Religión. |
| 650 14 - ASIENTO SECUNDARIO DE MATERIA - TERMINO TEMÁTICO |
| Término temático o nombre geográfico como elemento de entrada |
Negros |
| Subdivisión general |
Religión |
| Subdivisión geográfica |
México. |
| 700 1# - ASIENTO SECUNDARIO - NOMBRE PERSONAL |
| Nombre personal |
Serrano Espinosa, Teresa Eleazar, |
| Función o responsabilidad del autor |
coord. |
| 700 1# - ASIENTO SECUNDARIO - NOMBRE PERSONAL |
| Nombre personal |
Jarillo Hernández, Ricardo, |
| Función o responsabilidad del autor |
coord. |
| 700 1# - ASIENTO SECUNDARIO - NOMBRE PERSONAL |
| Nombre personal |
Moreno Navarro, Isidoro, |
| Fechas asociadas con el nombre |
1944-, |
| Función o responsabilidad del autor |
coaut. |
| 942 ## - TIPO DE MATERIAL (KOHA) |
| Tipo de Item KOHA |
Libro |